|
|
|
|
| LEADER |
00000nam1a2200000 4500 |
| 001 |
67585 |
| 005 |
20231031073650.0 |
| 035 |
|
|
|a (RuTPU)RU\TPU\book\71964
|
| 090 |
|
|
|a 67585
|
| 100 |
|
|
|a 20040917d2004 k y0rusy50 ca
|
| 101 |
0 |
|
|a rus
|
| 102 |
|
|
|a RU
|
| 200 |
1 |
|
|a Химическое, нефтехимическое и нефтеперерабатывающее оборудование (КОЗ-38)
|e Отраслевой каталог
|e ОКП
|f Ассоциация делового и научно-технического сотрудничества в области машиностроения, высоких технологий и конверсии
|
| 210 |
|
|
|a Москва
|c [Б. и.]
|d 2004-
|
| 225 |
1 |
|
|a Информационные материалы Федерального фонда отечественных и иностранных каталогов промышленной продукции
|
| 675 |
|
|
|a 66.023(085)
|v 3
|
| 675 |
|
|
|a 665.63.02(085)
|v 3
|
| 712 |
0 |
2 |
|a Ассоциация делового и научно-технического сотрудничества в области машиностроения, высоких технологий и конверсии (Ассоциация МВТК)
|c (Москва)
|2 stltpush
|3 (RuTPU)RU\TPU\col\5723
|
| 801 |
|
1 |
|a RU
|b 63413507
|c 20040917
|g PSBO
|
| 801 |
|
2 |
|a RU
|b 63413507
|c 20101129
|g PSBO
|
| 942 |
|
|
|c BK
|